[Event "Montreal Unisource 4th"]
[Site "Montreal"]
[Date "2009.03.01"]
[Round "5"]
[White "Zhu, Hong Rui"]
[Black "Zhao, Yang Luo"]
[Result "1/2-1/2"]
[WhiteElo "1590"]
[BlackElo "1650"]
[PlyCount "132"]
[EventDate "2009.02.27"]
[EventType "tourn"]
[EventRounds "5"]
[EventCountry "CAN"]
[SourceTitle "EXT 2011"]
[Source "ChessBase"]
[SourceDate "2010.11.26"]
[SourceVersion "1"]
[SourceVersionDate "2010.11.26"]
[SourceQuality "1"]

1. e4 c6 2. d4 d5 3. Nc3 dxe4 4. Nxe4 Bf5 5. Ng3 Bg6 6. h4 h6 7. Nf3 Nd7 8. h5 Bh7 9. Bd3 Bxd3 10. Qxd3 Ngf6 11. Bd2 e6 12. 0-0-0 Bd6 13. Ne4 Nxe4 14. Qxe4 Nf6 15. Qe2 Qb6 16. Qc4 0-0-0 17. Qb3 Qxb3 18. axb3 Ne4 19. Be3 c5 20. dxc5 Bxc5 21. Bxc5 Nxc5 22. Ne5 f6 23. Nf7 Rxd1+ 24. Rxd1 Rf8 25. Nd6+ Kc7 26. b4 Na6 27. c3 Nb8 28. Nb5+ Kb6 29. Nd4 Re8 30. Re1 e5 31. Nf5 Rg8 32. Rd1 Kc7 33. Kd2 g6 34. hxg6 Rxg6 35. g3 Nc6 36. Rh1 Rg5 37. Ne3 Rg6 38. Rh5 Ne7 39. Nf5 Nxf5 40. Rxf5 Kd6 41. Rh5 Ke6 42. Ke3 f5 43. Rh1 Rf6 44. Rh4 Kd5 45. c4+ Kc6 46. b3 Kb6 47. Rh5 Kc6 48. Kd3 b6 49. Kc2 a5 50. bxa5 bxa5 51. Kb2 Kc5 52. Kc3 Kc6 53. b4 axb4+ 54. Kxb4 Kb6 55. c5+ Kc6 56. Kc4 f4 57. Rxe5 fxg3 58. fxg3 Rg6 59. Re4 h5 60. Rh4 Rxg3 61. Rxh5 Rg4+ 62. Kc3 Rg3+ 63. Kd4 Rg4+ 64. Kd3 Rg3+ 65. Ke4 Rg4+ 66. Kf5 Rc4 1/2-1/2

[Event "Montreal Unisource 4th"]
[Site "Montreal"]
[Date "2009.02.27"]
[Round "1"]
[White "Zhao, Yang Luo"]
[Black "Chiku Ratte, Olivier Kenta"]
[Result "1/2-1/2"]
[WhiteElo "1650"]
[BlackElo "1583"]
[PlyCount "120"]
[EventDate "2009.02.27"]
[EventType "tourn"]
[EventRounds "5"]
[EventCountry "CAN"]
[SourceTitle "EXT 2011"]
[Source "ChessBase"]
[SourceDate "2010.11.26"]
[SourceVersion "1"]
[SourceVersionDate "2010.11.26"]
[SourceQuality "1"]

1. d4 Nf6 2. c4 g6 3. Nc3 Bg7 4. e4 d6 5. Nf3 0-0 6. Be3 e5 7. d5 Nbd7 8. Bg5 h6 9. Bh4 g5 10. Bg3 Nc5 11. Qc2 a5 12. Nd2 Nh5 13. f3 f5 14. Bf2 fxe4 15. Bxc5 dxc5 16. Ndxe4 b6 17. 0-0-0 Nf4 18. d6 c6 19. Qb3 Bd7 20. Ne2 Ne6 21. Qd3 Kh8 22. N4g3 Nf4 23. Nxf4 exf4 24. Ne4 Bd4 25. g3 Bf5 26. h4 g4 27. gxf4 gxf3 28. Qxf3 Bxe4 29. Qxe4 Qxd6 30. Bd3 Qxf4+ 31. Qxf4 Rxf4 32. Rde1 Rf2 33. Bc2 Raf8 34. Re6 R8f6 35. Rhe1 Kg7 36. Re7+ Rf7 37. R7e6 R2f6 38. R1e2 Rxe6 39. Rxe6 Rf1+ 40. Kd2 Bxb2 41. Rg6+ Kf7 42. Rxh6 Bc1+ 43. Ke2 Bxh6 44. Kxf1 b5 45. Be4 bxc4 46. Bxc6 Kg6 47. Bf3 c3 48. Ke2 c4 49. Kd1 Kf5 50. Kc2 Bg7 51. Be2 Kg6 52. Bxc4 Kh5 53. Bd3 Kxh4 54. Kb3 Kg3 55. Ka4 Kf3 56. Kxa5 Ke3 57. Bh7 Kd2 58. Kb5 c2 59. Bxc2 Kxc2 60. a4 Bc3 1/2-1/2